000 00698nam a2200169Ia 4500
008 100122s9999 xx 000 0 und d
082 _b76796
_aBM823
100 _aमहाजन जगन्नाथ भ.
245 _aजादूचे कबुतर/ जादूचा करंडा/ जादूची खुर्ची
250 _a1
260 _c2000
300 _a96
630 _aजादूचे कबुतर/ जादूचा करंडा/ जादूची खुर्ची
700 _aनवरे शं ना
730 _aजादूचे कबुतर/ जादूचा करंडा/ जादूची खुर्ची
942 _cBOOK
999 _c393606
_d393603